Matrices and Tensors in Physics / (Record no. 1925)

MARC details
000 -LEADER
fixed length control field 00631nam a22002177a 4500
003 - CONTROL NUMBER IDENTIFIER
control field OSt
005 - DATE AND TIME OF LATEST TRANSACTION
control field 20260512121428.0
008 - FIXED-LENGTH DATA ELEMENTS--GENERAL INFORMATION
fixed length control field 260512b |||||||| |||| 00| 0 eng d
020 ## - INTERNATIONAL STANDARD BOOK NUMBER
International Standard Book Number 9789386070906
040 ## - CATALOGING SOURCE
Language of cataloging English
Transcribing agency Central Library IIT Goa
082 ## - DEWEY DECIMAL CLASSIFICATION NUMBER
Classification number 530.122
Item number JOS
100 ## - MAIN ENTRY--PERSONAL NAME
Personal name Joshi, A. W.
Relator term author
9 (RLIN) 3822
245 ## - TITLE STATEMENT
Title Matrices and Tensors in Physics /
Statement of responsibility, etc. A. W. Joshi
250 ## - EDITION STATEMENT
Edition statement 4/e
260 ## - PUBLICATION, DISTRIBUTION, ETC.
Place of publication, distribution, etc. New Delhi:
Name of publisher, distributor, etc. New Age International (P) Limited, Publishers,
Date of publication, distribution, etc. 2017
300 ## - PHYSICAL DESCRIPTION
Extent xiv,342p.
650 ## - SUBJECT ADDED ENTRY--TOPICAL TERM
Topical term or geographic name entry element Matrices
9 (RLIN) 705
650 ## - SUBJECT ADDED ENTRY--TOPICAL TERM
Topical term or geographic name entry element Calculos of Tensors
9 (RLIN) 3823
650 ## - SUBJECT ADDED ENTRY--TOPICAL TERM
Topical term or geographic name entry element Mathematical Physics
9 (RLIN) 3783
942 ## - ADDED ENTRY ELEMENTS (KOHA)
Source of classification or shelving scheme Dewey Decimal Classification
Koha item type Books
Holdings
Withdrawn status Lost status Source of classification or shelving scheme Damaged status Not for loan Collection code Home library Current library Shelving location Date acquired Source of acquisition Cost, normal purchase price Total Checkouts Full call number Barcode Date last seen Copy number Cost, replacement price Price effective from Koha item type Public note
    Dewey Decimal Classification     Technical IIT Goa Central Library IIT Goa Central Library General Stacks 2026-05-12 Creative Books 450.00   530.122 JOS 4681 2026-05-12 1 450.00 2026-05-12 Books CB/26216||28-04-2026||20.00%
    Dewey Decimal Classification     Technical IIT Goa Central Library IIT Goa Central Library General Stacks 2026-05-12 Creative Books 450.00   530.122 JOS 4682 2026-05-12 2 450.00 2026-05-12 Books CB/26216||28-04-2026||20.00%